Informes a les autoritats britàniques / Carles Pi Sunyer, Pere Bosch i Gimpera ; edició a cura de Francesc Vilanova
Descripción Física:
89 p. , 20 cm
Colección:
Biblioteca Carles Pi Sunyer
MARC
| LEADER | 00000nam a2200000Ia 4500 | ||
|---|---|---|---|
| 001 | 10181 | ||
| 008 | 160829s1992 xx 000 0 cat d | ||
| 080 | |a M-2-276 | ||
| 100 | 1 | |a Pi i Sunyer, Carles, |d 1888-1971 |9 55456 | |
| 245 | |a Informes a les autoritats britàniques / Carles Pi Sunyer, Pere Bosch i Gimpera ; edició a cura de Francesc Vilanova | ||
| 260 | |a Barcelona : |b Fundació Carles Pi i Sunyer d'Estudis Autonòmics i Locals, |c 1992 | ||
| 300 | |a 89 p. , 20 cm | ||
| 490 | |a Biblioteca Carles Pi Sunyer | ||
| 651 | 0 | |a Catalunya |x Política i govern |y 1931-1939, Segona República |9 53540 | |
| 700 | 1 | |a Bosch Gimpera, P. |q (Pere), |d 1891-1974 |e autor |9 35533 | |
| 700 | |a Vilanova, Francesc |e editor literari |9 37678 | ||
| 710 | 1 | |a Fundació Carles Pi i Sunyer d'Estudis Autonòmics i Locals |9 52753 | |
| 901 | |a Arxiu | ||
| 942 | |n 1 |2 udc | ||
| 952 | |0 0 |1 0 |4 0 |6 M2276 |7 1 |9 46946 |a Arxiu |b Arxiu |d 2016-12-01 |l 0 |o M-2-276 |p 10181 |r 2016-12-01 00:00:00 |w 2016-12-01 |y ARXIU | ||
| 999 | |c 50739 |d 50739 | ||